<?xml version="1.0" encoding="UTF-8"?>
<record
    xmlns:xsi="http://www.w3.org/2001/XMLSchema-instance"
    xsi:schemaLocation="http://www.loc.gov/MARC21/slim http://www.loc.gov/standards/marcxml/schema/MARC21slim.xsd"
    xmlns="http://www.loc.gov/MARC21/slim">

  <leader>00437nam a2200133Ia 4500</leader>
  <controlfield tag="005">20210429153911.0</controlfield>
  <controlfield tag="008">210429s9999    xx            000 0 und d</controlfield>
  <datafield tag="082" ind1=" " ind2=" ">
    <subfield code="a">660 S1291R</subfield>
  </datafield>
  <datafield tag="100" ind1=" " ind2=" ">
    <subfield code="a">Roa M. Junaid Sagheer, M. Yousuf Mehmood, Hira Usman</subfield>
    <subfield code="9">55039</subfield>
  </datafield>
  <datafield tag="245" ind1=" " ind2=" ">
    <subfield code="a">Recovery of Calcium Chloride and water from distiller blow off (DBO) of ICI soda Ash Industry (UG-CHE-2016)</subfield>
  </datafield>
  <datafield tag="260" ind1=" " ind2=" ">
    <subfield code="c">2016</subfield>
  </datafield>
  <datafield tag="300" ind1=" " ind2=" ">
    <subfield code="a">70p.30cm.</subfield>
  </datafield>
  <datafield tag="942" ind1=" " ind2=" ">
    <subfield code="2">ddc</subfield>
    <subfield code="c">TH</subfield>
  </datafield>
  <datafield tag="999" ind1=" " ind2=" ">
    <subfield code="c">561089</subfield>
    <subfield code="d">561089</subfield>
  </datafield>
  <datafield tag="952" ind1=" " ind2=" ">
    <subfield code="0">0</subfield>
    <subfield code="1">0</subfield>
    <subfield code="4">0</subfield>
    <subfield code="7">0</subfield>
    <subfield code="a">SCME</subfield>
    <subfield code="b">SCME</subfield>
    <subfield code="d">0009-01-16</subfield>
    <subfield code="l">0</subfield>
    <subfield code="o">660 S1291R</subfield>
    <subfield code="p">SCME- TH-324</subfield>
    <subfield code="r">2021-04-29</subfield>
    <subfield code="w">2021-04-29</subfield>
    <subfield code="y">TH</subfield>
  </datafield>
</record>
